Ecce Homo (Record no. 135760)

MARC details
000 -LEADER
campo de control de longitud fija 00676nam a2200193 4500
001 - NÚMERO DE CONTROL
campo de control 135760
003 - IDENTIFICADOR DE NÚMERO DE CONTROL
campo de control ES-MaACL
005 - FECHA Y HORA DE LA ÚLTIMA TRANSACCIÓN
campo de control 20230906194942.0
007 - CAMPO FIJO DE DESCRIPCIÓN FÍSICA--INFORMACIÓN GENERAL
campo de control de longitud fija t|
008 - DATOS DE LONGITUD FIJA--INFORMACIÓN GENERAL
campo de control de longitud fija 070214s1922 sp r ||||1| spa d
100 1# - ENTRADA PRINCIPAL--NOMBRE DE PERSONA
Nombre de persona Ruiz Albéniz, Víctor,
Fechas asociadas al nombre 1885-1954
9 (RLIN) 100638
245 10 - MENCIÓN DEL TÍTULO
Título Ecce Homo
Resto del título : prueba documental y aportes inéditos sobre las causas del derrumbamiento y consecuencias de él /
Mención de responsabilidad, etc. Víctor Ruiz Albéniz.
260 ## - PUBLICACIÓN, DISTRIBUCIÓN, ETC.
Lugar de publicación, distribución, etc. Madrid :
Nombre del editor, distribuidor, etc. Rivadeneyra,
Fecha de publicación, distribución, etc. 1922.
300 ## - DESCRIPCIÓN FÍSICA
Extensión 540 p. ;
Dimensiones 20 x 13 cm.
490 1# - MENCIÓN DE SERIE
Mención de serie Las responsabilidades del Desastre
830 0# - PUNTO DE ACCESO ADICIONAL DE SERIE-TÍTULO UNIFORME
Título uniforme Las responsabilidades del Desastre
9 (RLIN) 219946
852 ## - LOCALIZACIÓN
Ubicación ES-MaACL
Número de control de estantería F-5126
Holdings
Estatus retirado Estado de pérdida Estado de daño No para préstamo Biblioteca de origen Biblioteca actual Ubicación en estantería Fecha de adquisición Fuente de adquisición Total de préstamos Signatura topográfica completa Código de barras Visto por última vez Precio de reemplazo Tipo de ítem Koha
        Biblioteca del Ateneo de Madrid Biblioteca del Ateneo de Madrid Depósito 2 17/01/2008     F-5126 1141297 23/02/2023 23/02/2023 Libro impreso